[Event "Leiden LCT op-B 09th"]
[Site "Leiden"]
[Date "2015.07.24"]
[Round "6"]
[White "Kohlbeck, Ton"]
[Black "Bulthuis, Jelle"]
[Result "1/2-1/2"]
[WhiteElo "2008"]
[BlackElo "1863"]
[PlyCount "50"]
[EventDate "2015.07.17"]
[EventType "swiss"]
[EventRounds "9"]
[EventCountry "NED"]
[SourceTitle "EXT 2023"]
[Source "ChessBase"]
[SourceDate "2022.10.05"]
[SourceVersion "1"]
[SourceVersionDate "2022.10.05"]
[SourceQuality "1"]

1. d4 Nf6 2. Nf3 g6 3. e3 Bg7 4. Bd3 d5 5. 0-0 0-0 6. Nbd2 b6 7. Qe2 Bb7 8. c3 Nbd7 9. Ne1 e5 10. dxe5 Nxe5 11. Bc2 Re8 12. Ndf3 Nc4 13. Nd3 Qe7 14. Ba4 c6 15. Nd2 Nd6 16. Re1 Nd7 17. Rb1 c5 18. Nf4 a6 19. Bb3 Nf6 20. Nf1 Rad8 21. Rd1 d4 22. cxd4 g5 23. dxc5 bxc5 24. Nd5 Qe4 25. Bc2 Qe5 1/2-1/2